Organizational behavior

Bibliographic Details
Main Authors: Arnold, Hugh J. (Author), Feldman, Daniel C. (Author)
Format: Book
Published: New York : McGraw-Hill , 1986
Subjects:

MARC

LEADER 00000cam a2200000 7i4500
001 0000008097
005 20080102093000.0
008 021119n
020 |a 007002300X 
090 0 0 |a HD78.7   |b .A76 
100 0 |a Arnold, Hugh J. ,   |e author 
245 0 0 |a Organizational behavior   |c Hugh J. Arnold, Daniel C. Feldman 
260 2 |a New York :   |b McGraw-Hill ,   |c 1986 
300 |a 623 p. ; ;   |c 25 cm. 
504 |a Includes bibliography (p. 579-607) and index 
650 0 |a Organizational behavior 
700 0 |a Feldman, Daniel C. ,   |e author 
999 |a 1000049307   |b Book   |c OPEN SHELF (30 DAYS)   |e Gong Badak Campus